[Event "Regionalliga Mittelrhein 1011"]
[Site "Germany"]
[Date "2010.11.14"]
[Round "2.2"]
[White "Maric, Boris"]
[Black "Vandenbergen, Nicolas"]
[Result "1-0"]
[WhiteElo "2028"]
[BlackElo "2044"]
[PlyCount "65"]
[EventDate "2010.10.24"]
[EventType "team"]
[EventRounds "9"]
[EventCountry "GER"]
[SourceTitle "EXT 2015"]
[Source "ChessBase"]
[SourceDate "2014.11.20"]
[SourceVersion "1"]
[SourceVersionDate "2014.11.20"]
[SourceQuality "1"]
[WhiteTeam "Gruenfeld"]
[BlackTeam "Euskirchen Turm"]
[WhiteTeamCountry "GER"]
[BlackTeamCountry "GER"]

1. Nf3 Nc6 2. d4 d5 3. g3 Bg4 4. Bg2 e6 5. c4 dxc4 6. Qa4 Bb4+ 7. Bd2 Bxd2+ 8. Nbxd2 Qd7 9. 0-0 Rd8 10. e3 Nf6 11. Qxc4 0-0 12. b4 a6 13. a4 Nd5 14. Nb3 Qe7 15. b5 Bxf3 16. Bxf3 Ncb4 17. Nc5 axb5 18. axb5 f5 19. Rfb1 Kh8 20. Nxb7 Rb8 21. Nc5 Qe8 22. Nxe6 Qxe6 23. Rxb4 c6 24. Rbb1 f4 25. exf4 Nxf4 26. Qxc6 Qh3 27. Bg2 Ne2+ 28. Kh1 Qf5 29. Qe4 Qxf2 30. Rf1 Nxg3+ 31. hxg3 Qxg3 32. Rxf8+ Rxf8 33. Ra8 1-0

[Event "Maastricht Limburg op-A 4th"]
[Site "Maastricht"]
[Date "2010.05.23"]
[Round "4"]
[White "Vandenbergen, Nicolas"]
[Black "Hovenga, Alje"]
[Result "1-0"]
[WhiteElo "2098"]
[BlackElo "2188"]
[PlyCount "31"]
[EventDate "2010.05.21"]
[EventType "swiss"]
[EventRounds "7"]
[EventCountry "NED"]
[SourceTitle "CBM 136 Extra"]
[Source "ChessBase"]
[SourceDate "2010.07.02"]
[SourceVersion "2"]
[SourceVersionDate "2010.07.15"]
[SourceQuality "1"]

1. d4 Nf6 2. c4 Nc6 3. Nc3 e5 4. d5 Ne7 5. h4 Neg8 6. Nf3 e4 7. Ng5 Bb4 8. Bd2 Bxc3 9. Bxc3 e3 10. f3 h6 11. Ne4 d6 12. Qd4 Qe7 13. Ng3 b5 14. 0-0-0 bxc4 15. Qxc4 h5 16. Qc6+ 1-0

[Event "Maastricht Limburg op-A 4th"]
[Site "Maastricht"]
[Date "2010.05.22"]
[Round "2"]
[White "Vandenbergen, Nicolas"]
[Black "Sinz, Bernhard"]
[Result "0-1"]
[WhiteElo "2098"]
[BlackElo "2226"]
[PlyCount "36"]
[EventDate "2010.05.21"]
[EventType "swiss"]
[EventRounds "7"]
[EventCountry "NED"]
[SourceTitle "CBM 136 Extra"]
[Source "ChessBase"]
[SourceDate "2010.07.02"]
[SourceVersion "2"]
[SourceVersionDate "2010.07.15"]
[SourceQuality "1"]

1. Nc3 Nf6 2. e4 e5 3. f4 d5 4. fxe5 Nxe4 5. Nf3 Bc5 6. d4 Bb4 7. Bd2 c5 8. Bb5+ Nc6 9. dxc5 Bxc3 10. Bxc3 0-0 11. Bxc6 bxc6 12. Bd4 Ba6 13. Nd2 Qh4+ 14. g3 Nxg3 15. Bf2 Qh6 16. Rg1 Ne2 17. Rg4 Rfe8 18. Nf3 Qh3 0-1

[Event "Cologne Longerich op 6th"]
[Site "Cologne"]
[Date "2009.08.23"]
[Round "5"]
[White "Vandenbergen, Nicolas"]
[Black "Fabregas, Oliver"]
[Result "1/2-1/2"]
[WhiteElo "2006"]
[BlackElo "1858"]
[PlyCount "41"]
[EventDate "2009.08.21"]
[EventType "swiss"]
[EventRounds "5"]
[EventCountry "GER"]
[SourceTitle "EXT 2012"]
[Source "ChessBase"]
[SourceDate "2011.11.24"]
[SourceVersion "1"]
[SourceVersionDate "2011.11.24"]
[SourceQuality "1"]

1. Nc3 c5 2. Nf3 d6 3. d4 cxd4 4. Nxd4 a6 5. g3 Nf6 6. Bg2 e5 7. Nb3 Be7 8. 0-0 0-0 9. Bg5 Nbd7 10. h3 Qc7 11. Qd2 Rb8 12. a4 b6 13. e4 Bb7 14. Rfd1 Rfd8 15. Qe3 Nf8 16. Rac1 Ne6 17. Bxf6 Bxf6 18. h4 Nd4 19. Ne2 Ne6 20. Nc3 Nd4 21. Ne2 1/2-1/2

[Event "Cologne Longerich op 6th"]
[Site "Cologne"]
[Date "2009.08.23"]
[Round "3"]
[White "Vandenbergen, Nicolas"]
[Black "Knuetter, Helmut"]
[Result "1-0"]
[WhiteElo "2006"]
[BlackElo "1643"]
[PlyCount "49"]
[EventDate "2009.08.21"]
[EventType "swiss"]
[EventRounds "5"]
[EventCountry "GER"]
[SourceTitle "EXT 2012"]
[Source "ChessBase"]
[SourceDate "2011.11.24"]
[SourceVersion "1"]
[SourceVersionDate "2011.11.24"]
[SourceQuality "1"]

1. Nc3 Nf6 2. e4 e5 3. f4 exf4 4. e5 Ng8 5. Bc4 Qh4+ 6. Kf1 f3 7. d4 fxg2+ 8. Kxg2 c6 9. Qf3 Qe7 10. Ne4 d5 11. exd6 Qd7 12. Bf4 f6 13. Re1 Kd8 14. Nc5 Qg4+ 15. Qxg4 Bxg4 16. Nxb7+ Kd7 17. h3 Bf5 18. Nf3 g5 19. Bg3 Nh6 20. Rhf1 a5 21. Nd2 Kc8 22. Nc5 Kd8 23. Be6 Bxe6 24. Nxe6+ Kc8 25. Rxf6 1-0

[Event "Dresden ZMD op"]
[Site "Dresden"]
[Date "2005.07.30"]
[Round "8"]
[White "Vandenbergen, Nicolas"]
[Black "Wigger, Jochen"]
[Result "0-1"]
[WhiteElo "2120"]
[BlackElo "2247"]
[PlyCount "106"]
[EventDate "2005.07.23"]
[EventType "swiss"]
[EventRounds "9"]
[EventCountry "GER"]
[SourceTitle "EXT 2006"]
[Source "ChessBase"]
[SourceDate "2005.11.24"]
[SourceVersion "1"]
[SourceVersionDate "2005.11.24"]
[SourceQuality "1"]

1. Nc3 d5 2. e4 dxe4 3. Nxe4 Nf6 4. Nxf6+ gxf6 5. Bc4 Nd7 6. Qh5 Ne5 7. Bb3 Qd4 8. Ne2 Qe4 9. f3 Qg6 10. Qxg6 hxg6 11. d4 Nd7 12. Bd2 e6 13. 0-0-0 Nb6 14. h3 Bd7 15. Rhe1 0-0-0 16. Ng3 Bc6 17. c3 Bd5 18. Ne4 Bg7 19. Kc2 f5 20. Nc5 Bf6 21. Nd3 Bxb3+ 22. Kxb3 Nd7 23. Bf4 c6 24. a4 b6 25. a5 g5 26. Bd6 Kb7 27. Nb4 Nb8 28. Bg3 f4 29. Bf2 Nd7 30. Ra1 Be7 31. Nd3 Bd6 32. Rh1 b5 33. Rh2 Rh7 34. c4 a6 35. Rc1 Bc7 36. Kb4 Bd6+ 37. Kb3 g4 38. fxg4 f3 39. g3 Nf6 40. Rch1 Rdh8 41. g5 Ne4 42. cxb5 axb5 43. Ne5 Nxg5 44. h4 c5 45. Re1 c4+ 46. Kc3 f5 47. b3 Rc8 48. bxc4 Ne4+ 49. Kd3 Bxe5 50. dxe5 Rxc4 51. Rxe4 fxe4+ 52. Ke3 Rd7 53. Bg1 Rd1 0-1

[Event "GER-ch U25"]
[Site "Willingen"]
[Date "2005.05.19"]
[Round "8"]
[White "Vandenbergen, Nicolas"]
[Black "Braun, Vitali"]
[Result "1-0"]
[WhiteElo "2057"]
[BlackElo "2232"]
[PlyCount "115"]
[EventDate "2005.05.14"]
[EventType "swiss"]
[EventRounds "9"]
[EventCountry "GER"]
[SourceTitle "CBM 106 Extra"]
[Source "ChessBase"]
[SourceDate "2005.07.01"]
[SourceVersion "1"]
[SourceVersionDate "2005.07.01"]
[SourceQuality "1"]

1. d4 d5 2. c4 c6 3. Nc3 Nf6 4. Nf3 a6 5. Ne5 dxc4 6. a4 Bf5 7. g3 Nbd7 8. Nxc4 Ne4 9. Bg2 Ndf6 10. 0-0 e6 11. Qb3 Ra7 12. f3 Nxc3 13. bxc3 Be7 14. e4 Bg6 15. Be3 b5 16. Ne5 Qb6 17. axb5 cxb5 18. c4 0-0 19. cxb5 Rb7 20. Rfb1 axb5 21. Bf1 b4 22. Ra6 Qd8 23. Qa4 Qe8 24. Nc6 Nd5 25. Bd2 Bf6 26. Rb3 Nc7 27. Ra5 Rb6 28. Nxb4 Bxd4+ 29. Be3 Qd8 30. Nc6 Bxe3+ 31. Rxe3 Qd2 32. Rd3 Qc1 33. Ne7+ Kh8 34. Qd4 Rb1 35. Qf2 Re8 36. Rc5 Qxf1+ 37. Qxf1 Rxf1+ 38. Kxf1 Rxe7 39. Rxc7 Re8 40. Re7 Ra8 41. Red7 Ra1+ 42. Rd1 Rxd1+ 43. Rxd1 h6 44. Kf2 f6 45. Ke3 Kg8 46. Rd7 Be8 47. Re7 Bf7 48. f4 Kf8 49. Ra7 Bh5 50. Kd4 Bf3 51. e5 fxe5+ 52. fxe5 g5 53. Kc5 h5 54. Kd6 Bg4 55. Re7 h4 56. Rxe6 hxg3 57. hxg3 Kg7 58. Rf6 1-0